000 00324nam a22001217a 4500
008 160613b xxu||||| |||| 00| 0 eng d
020 _a9780397550227
020 _a9780397550227
041 _aeng
080 _a618.2
245 _aNursing diagnosis application to clinical practice:
_cLynda Juall Carpenito;
942 _2udc
_cBK
999 _c2441
_d2441